| 000 | 01491nam2a2200265 4500 | ||
|---|---|---|---|
| 001 | rc\3000847 | ||
| 005 | 20211217115608.0 | ||
| 035 | _a(NLR Aleph) 007143987 | ||
| 090 |
_a13615416 _c13615416 |
||
| 100 | _a20110920d1936 |||y0rusy50 ca | ||
| 101 | 0 | _arus | |
| 102 | _aRU | ||
| 105 | _ay j ||||| | ||
| 200 | 0 |
_a№ 2 _eК учебнику Виноградова С.П. "Основания теории детерминантов" _fСост. - проф. Г.Н. [?] Кузнецов _gЛенингр. гос. ун-т им. А. с. Бубнова. Сектор заоч. обучения. Курсы по высш. математике и теорет. механике для инженерв |
|
| 210 | _d[1936] | ||
| 215 | _a34 с. | ||
| 422 | 0 |
_12001#$aОснования теории детерминантов _1700#1$aВиноградов$bС. П.$gСергей Петрович$f1863-1927$cматематик$3RU\NLR\AUTH\770237432$4070 |
|
| 461 | 0 |
_1001rc\3000845 _12001#$aМетодическое письмо № ... по курсу высшей алгебры$e№ 1-$fСост. Кузнецов, Г.П.$gЛенингр. гос. заоч. ун-т. Курсы по высш. математике и теорет. механике для инж.$v№ 2 |
|
| 702 | 1 |
_aКузнецов _bГ. П. _gГеоргий Порфирьевич _4220 |
|
| 801 | 0 |
_aRU _bNLR _gpsbo |
|
| 801 | 1 |
_aRU _bELAR _2rusmarc |
|
| 852 |
_aNLR _j35-20/48(2) |
||
| 942 | _cBOOK | ||
| 980 | _aNB | ||